La pieza oscura
שמור ב:
| מחבר ראשי: | |
|---|---|
| פורמט: | ספר |
| שפה: | ספרדית |
| יצא לאור: |
Santiago
Universidad Diego Portales
2005
|
| מהדורה: | 2a. ed |
| נושאים: | |
| תגים: |
הוספת תג
אין תגיות, היה/י הראשונ/ה לתייג את הרשומה!
|
MARC
| LEADER | 00000nam a2200000 a 4500 | ||
|---|---|---|---|
| 001 | UCJ2396 | ||
| 003 | CL-VaPUC | ||
| 008 | 061214e20050000CL |||||||||||||||||spa|d | ||
| 020 | |a 9567397651 | ||
| 082 | 0 | 4 | |a Ch861 |b LIN |2 21 |
| 100 | |a Linh Carrasco, Enrique |e autor |9 503398 | ||
| 245 | 1 | 3 | |a La pieza oscura |
| 250 | |a 2a. ed | ||
| 300 | |a 67 p | ||
| 942 | |c BK | ||
| 945 | |d 20061214 00:00:00 |a jtorresc | ||
| 260 | |a Santiago |b Universidad Diego Portales |c 2005 | ||
| 650 | 0 | |a Poesías chilenas |9 265280 | |
| 650 | 0 | |a Literatura chilena |9 308278 | |
| 583 | |a last modification |c 20061214 00:00:00 |k Rodrigo Vera | ||
| 999 | |c 318697 |d 318695 | ||
| 952 | |0 0 |1 0 |4 0 |6 CH_861_000000000000000_LIN_2005 |7 0 |8 A |9 396709 |a BIBART |b BIBART |d 2019-11-22 |i 4306392 |l 4 |o Ch861 LIN 2005 |p 4306392 |r 2025-03-13 |s 2024-10-02 |w 2019-11-22 |y BK |k ART | ||